书目信息 |
| 题名: |
中国图书馆学会年会论文集
|
|
| 作者: | ;中国图书馆学会 编 | |
| 分册: | 2006年卷 | |
| 出版信息: | 北京 北京图书馆出版社 2006.07 |
|
| 页数: | 369页 | |
| 开本: | 26cm | |
| 丛书名: | ||
| 单 册: | ||
| 中图分类: | G250-53 | |
| 科图分类: | ||
| 主题词: | 图书馆学--tu shu guan xue--学术会议--文集 | |
| 电子资源: | ||
| ISBN: | 7-5013-3152-9 | |
| 000 | 00906nam0 2200229 450 | |
| 001 | 012006641453 | |
| 005 | 20061219155348.75 | |
| 010 | @a7-5013-3152-9@dCNY50.00 | |
| 100 | @a20061122d2006 km y0chiy0120 ea | |
| 101 | 0 | @achi |
| 102 | @aCN@b110000 | |
| 105 | @ay a 000yy | |
| 200 | 1 | @a中国图书馆学会年会论文集@Azhong guo tu shu guan xue hui nian hui lun wen ji@h2006年卷@f中国图书馆学会编@Fzhong guo tu shu guan xue hui bian |
| 210 | @a北京@c北京图书馆出版社@d2006.07 | |
| 215 | @a369页@d26cm | |
| 320 | @a有书目 (第369页)。 | |
| 330 | @a本书收录了中国图书馆学会2006年年会征文的一等奖论文,共71篇。包括:“图书馆关怀:理想和现实”、“法律为图书馆注入活力”、“大众阅读指导与和谐社会构建”等。 | |
| 606 | 0 | @a图书馆学@Atu shu guan xue@x学术会议@j文集 |
| 690 | @aG250-53@v4 | |
| 711 | 02 | @a中国图书馆学会@Azhong guo tu shu guan xue hui@4编 |
| 801 | 0 | @aCN@c20061219 |
| 905 | @a10447@dG250-53@eZ657 | |
| 中国图书馆学会年会论文集.2006年卷/中国图书馆学会编.-北京:北京图书馆出版社,2006.07 |
| 369页;26cm |
| ISBN 7-5013-3152-9:CNY50.00 |
| 本书收录了中国图书馆学会2006年年会征文的一等奖论文,共71篇。包括:“图书馆关怀:理想和现实”、“法律为图书馆注入活力”、“大众阅读指导与和谐社会构建”等。 |
| ● |
| 相关链接 |
|
|
|
正题名:中国图书馆学会年会论文集
索取号:G250-53/Z657
 
预约/预借
| 序号 | 登录号 | 条形码 | 馆藏地/架位号 | 状态 | 备注 |
| 1 | 228113 | 202281137 | 社科库409/409社科库 59排1列2层/ [索取号:G250-53/Z657] | 在馆 |